| 000 | 00376nam a2200133Ia 4500 | ||
|---|---|---|---|
| 003 | GCL | ||
| 008 | 140319s9999 xx 000 0 ara d | ||
| 040 |
_aGCL / _cGCL |
||
| 082 | 0 | 4 |
_a227.681 _bم د |
| 245 | 1 | 0 | _aالدستور القرأنى فى شئون الحياه |
| 260 |
_a[S.N] : _bدار احياء الكتب العربية ، _c1956 |
||
| 300 | _a603 ص | ||
| 490 | _a | ||
| 999 |
_c59104 _d59104 |
||